Normal view
MARC view
Entry Topical Term
001 - CONTROL NUMBER
- control field: 1571
003 - CONTROL NUMBER IDENTIFIER
- control field: ARRUPE
005 - DATE AND TIME OF LATEST TRANSACTION
- control field: 20130927110520.0
008 - FIXED-LENGTH DATA ELEMENTS
- fixed length control field: 130927|| aca||aabn | a|a d
040 ## - CATALOGING SOURCE
- Original cataloging agency: ARRUPE
- Transcribing agency: ARRUPE
150 ## - HEADING--TOPICAL TERM
- Topical term or geographic name as entry element: Success in business.
670 ## - SOURCE DATA FOUND
- Source citation: Work cat.: (ARRUPE)0: Jones, Laurie Beth. 1568, Jesus, CEO :, c1995.